| 000 | 00425nam a22001337a 4500 | ||
|---|---|---|---|
| 999 |
_c329392 _d329392 |
||
| 003 | ASAB | ||
| 005 | 20170504123719.0 | ||
| 008 | 140102t xxu||||| |||| 00| 0 eng d | ||
| 020 | _a978-81-239-1828-0 | ||
| 040 | _cASAB | ||
| 082 | _a572.86 | ||
| 245 |
_aBioinformatics _bBasic concepts of bioinformatics, biochemistry, Cell and molecular biology, molecular genetics and their Databse, computers and their applications in bioinformatics, applications of bioinformatics in industry and research, predictive methods and analysis. _cBG Curran, RJ Walker, SC Bhatia |
||
| 260 |
_aNew Delhi. _bCBS Publishers & Distributors pvt. Ltd. _c2010 |
||
| 300 | _a547 P | ||
| 942 |
_2ddc _cBK |
||